[Event "16.Open Seefeld"]
[Site "Oesterreich / Seefeld"]
[Date "2005.09.18"]
[Round "2"]
[White "Kreusch, Frank"]
[Black "Klein, Reinhard"]
[Result "1-0"]
[WhiteElo "2037"]
[BlackElo "1911"]
[PlyCount "51"]
[EventDate "2005.09.17"]

1. e4 d5 2. exd5 Nf6 3. c4 e6 4. dxe6 Bxe6 5. Be2 Nc6 6. Nf3 Bc5 7. O-O Qe7 8.
Nc3 O-O-O 9. a3 Rhe8 10. b4 Bd4 11. Qa4 Bxc3 12. dxc3 Bg4 13. Be3 a6 14. b5 Nb8
15. Rfd1 Bd7 16. Qb3 Ng4 17. Bf1 Nxe3 18. fxe3 Qxe3+ 19. Kh1 a5 20. Nd4 b6 21.
Qb2 Qe7 22. Qf2 c5 23. bxc6 Bg4 24. Re1 Qc7 25. Nb5 Rxe1 26. Rxe1 1-0

[Event "16.Open Seefeld"]
[Site "Oesterreich / Seefeld"]
[Date "2005.09.18"]
[Round "2"]
[White "Perkmann, Gottfried"]
[Black "Born, Bernd-Ludger"]
[Result "1-0"]
[WhiteElo "1690"]
[BlackElo "2036"]
[PlyCount "77"]
[EventDate "2005.09.17"]

1. Nf3 Nf6 2. g3 b6 3. c4 c5 4. Nc3 Bb7 5. d3 e6 6. Bg2 Be7 7. O-O O-O 8. e4 d6
9. h3 Nc6 10. Be3 Nd7 11. Nh2 f5 12. f4 Qc8 13. g4 Nd4 14. Ne2 Nxe2+ 15. Qxe2
g6 16. exf5 exf5 17. Bd2 Bf6 18. Qe6+ Kg7 19. Nf3 Qc7 20. Rae1 fxg4 21. Qxg4
Rae8 22. h4 Bxb2 23. h5 Nf6 24. h6+ Kh8 25. Qg5 Qd7 26. Nh4 Bd4+ 27. Kh1 Bxg2+
28. Qxg2 Qg4 29. Qxg4 Nxg4 30. f5 gxf5 31. Rxf5 Rxe1+ 32. Bxe1 Rxf5 33. Nxf5
Be5 34. Kg2 Kg8 35. Bh4 Kf7 36. Kh3 Nf6 37. Bxf6 Kxf6 38. Kg4 Kg6 39. a3 1-0

[Event "16.Open Seefeld"]
[Site "Oesterreich / Seefeld"]
[Date "2005.09.18"]
[Round "2"]
[White "Maurer, Rainer"]
[Black "Platzgummer, Peter"]
[Result "1/2-1/2"]
[WhiteElo "2035"]
[BlackElo "1911"]
[PlyCount "51"]
[EventDate "2005.09.17"]

1. d4 d5 2. Nf3 Nf6 3. Bf4 c6 4. c3 Bf5 5. e3 Qb6 6. Qb3 Qxb3 7. axb3 Nbd7 8.
Nbd2 e6 9. b4 Be7 10. h3 h6 11. Be2 O-O 12. O-O Ne4 13. Nxe4 Bxe4 14. Nd2 Bh7
15. Nb3 b6 16. Ba6 Bc2 17. Nd2 c5 18. Rfc1 Bg6 19. bxc5 e5 20. Bxe5 Nxe5 21.
dxe5 bxc5 22. Bb7 Rad8 23. Ra2 d4 24. exd4 Bg5 25. dxc5 Rxd2 26. Rca1 1/2-1/2

[Event "16.Open Seefeld"]
[Site "Oesterreich / Seefeld"]
[Date "2005.09.18"]
[Round "2"]
[White "Waldhart, Helmuth"]
[Black "Flueckiger, Juergen"]
[Result "1-0"]
[WhiteElo "1650"]
[BlackElo "2034"]
[PlyCount "86"]
[EventDate "2005.09.17"]

1. e4 d6 2. d4 Nf6 3. Nc3 g6 4. Bd3 Bg7 5. h3 O-O 6. Nf3 e5 7. dxe5 dxe5 8. Bg5
h6 9. Bh4 Nbd7 10. Qd2 c6 11. g4 Qc7 12. g5 hxg5 13. Bxg5 Kh7 14. Ke2 Nh5 15.
Rag1 Nc5 16. Rg4 Ne6 17. Kd1 Nef4 18. Ne2 Nxh3 19. Rg2 f6 20. Be3 Be6 21. Rg3
Nxg3 22. Nxg3 Kg8 23. Nh4 Nf4 24. Bxf4 exf4 25. Ne2 g5 26. Nf5 Rad8 27. Ned4
Bf7 28. f3 Rfe8 29. Qh2 Bg6 30. Kc1 b5 31. Nxg7 Qxg7 32. Nxc6 Rxd3 33. cxd3 Rc8
34. Qc2 Rc7 35. d4 Qd7 36. d5 f5 37. Qc3 Qg7 38. e5 Bf7 39. d6 Bd5 40. dxc7
Qxc7 41. Ne7+ Qxe7 42. Qc8+ Kg7 43. Qh8+ Kg6 1-0

[Event "16.Open Seefeld"]
[Site "Oesterreich / Seefeld"]
[Date "2005.09.18"]
[Round "2"]
[White "Aigner, Georg"]
[Black "Brett, Digby"]
[Result "1-0"]
[WhiteElo "2033"]
[BlackElo "1869"]
[PlyCount "91"]
[EventDate "2005.09.17"]

1. e4 c5 2. Nf3 d6 3. Bc4 Nf6 4. Ng5 e6 5. Nc3 a6 6. a4 Be7 7. O-O O-O 8. Re1
Nc6 9. Nf3 Qc7 10. d3 Ne5 11. Nxe5 dxe5 12. Qf3 b6 13. Qg3 Kh8 14. Bg5 Nh5 15.
Qh4 Bxg5 16. Qxg5 Nf4 17. h4 h6 18. Qg4 Bb7 19. g3 f5 20. Qd1 Nh3+ 21. Kg2 Nxf2
22. Kxf2 fxe4+ 23. Kg1 exd3 24. Bxd3 e4 25. Nxe4 Bxe4 26. Re3 Rad8 27. Qe2 Bxd3
28. cxd3 Qd6 29. Rd1 Rf6 30. Rf1 Rdf8 31. Rxf6 Rxf6 32. Kh2 Qd4 33. Kh3 Qxa4
34. Qg2 Qd4 35. Qe2 a5 36. Re4 Qf2 37. b3 Qxe2 38. Rxe2 Kg8 39. Kg2 Kf7 40. Re4
b5 41. g4 Ke7 42. d4 cxd4 43. Rxd4 e5 44. Rd5 e4 45. Rxb5 e3 46. Rxa5 1-0

[Event "16.Open Seefeld"]
[Site "Oesterreich / Seefeld"]
[Date "2005.09.18"]
[Round "2"]
[White "Schuetz, Robert"]
[Black "Stock, Juergen"]
[Result "0-1"]
[WhiteElo "1640"]
[BlackElo "2031"]
[PlyCount "54"]
[EventDate "2005.09.17"]

1. e4 e6 2. d4 d5 3. Nc3 Nf6 4. e5 Nfd7 5. f4 c5 6. Nf3 Nc6 7. dxc5 Bxc5 8. Bd3
f6 9. Qe2 O-O 10. a3 Qc7 11. exf6 Nxf6 12. Bd2 a6 13. O-O-O b5 14. Ne5 Nd4 15.
Qe1 b4 16. axb4 Bxb4 17. Ne2 Bxd2+ 18. Kxd2 Nf5 19. g4 Nd6 20. Nc3 Bb7 21. Rg1
d4 22. Ne2 Qa5+ 23. c3 Nfe4+ 24. Kc1 dxc3 25. Nxc3 Rxf4 26. Nxe4 Qa1+ 27. Kd2
Qxb2+ 0-1

[Event "16.Open Seefeld"]
[Site "Oesterreich / Seefeld"]
[Date "2005.09.18"]
[Round "2"]
[White "Kuehlmeyer, Klaus"]
[Black "Gestrich, Wolfgang"]
[Result "1-0"]
[WhiteElo "2027"]
[BlackElo "1767"]
[PlyCount "37"]
[EventDate "2005.09.17"]

1. e4 e5 2. Nf3 Nf6 3. Nxe5 d6 4. Nf3 Nxe4 5. d4 d5 6. Bd3 Be7 7. O-O Nc6 8.
Re1 Bg4 9. c4 Bxf3 10. Qxf3 Nf6 11. Bg5 O-O 12. Nc3 Nxd4 13. Qh3 h6 14. Bxh6
gxh6 15. Qxh6 Ne6 16. Re3 Bd6 17. Rh3 Bxh2+ 18. Rxh2 Nh5 19. Qh7# 1-0

[Event "16.Open Seefeld"]
[Site "Oesterreich / Seefeld"]
[Date "2005.09.18"]
[Round "2"]
[White "Egger, Herbert"]
[Black "Di Lazzaro, Gabriele"]
[Result "0-1"]
[WhiteElo "1584"]
[BlackElo "2025"]
[PlyCount "100"]
[EventDate "2005.09.17"]

1. e4 c5 2. Nc3 Nc6 3. Nf3 g6 4. Bb5 Bg7 5. Bxc6 dxc6 6. h3 Nf6 7. O-O O-O 8.
d3 b6 9. Bg5 Qc7 10. Re1 Be6 11. Qc1 Rfe8 12. Bf4 Qb7 13. Ne2 Rad8 14. Rd1 Qa6
15. a3 Nxe4 16. Ng3 Nxg3 17. Bxg3 c4 18. d4 Qb7 19. c3 c5 20. Qe3 cxd4 21. Nxd4
Bd5 22. f3 e5 23. Nc2 f6 24. Qe2 Bf7 25. Rxd8 Rxd8 26. Rd1 Qc7 27. Ne3 b5 28.
Bf2 Rd7 29. Rxd7 Qxd7 30. Qd1 Qxd1+ 31. Nxd1 a6 32. Be3 Kf8 33. Nf2 f5 34. g4
Ke7 35. g5 Be6 36. h4 Kd6 37. Kg2 Kd5 38. Bb6 Bf8 39. Ba5 Bc5 40. Nd1 Ba7 41.
Kf1 f4 42. Ke2 Bf5 43. Nf2 Bc5 44. Ng4 Bxg4 45. fxg4 e4 46. h5 f3+ 47. Kf1 e3
48. Bc7 Ke4 49. Bg3 e2+ 50. Ke1 Be3 0-1

[Event "16.Open Seefeld"]
[Site "Oesterreich / Seefeld"]
[Date "2005.09.18"]
[Round "2"]
[White "Favre, Bruno"]
[Black "Becker, Joerg"]
[Result "1/2-1/2"]
[WhiteElo "2019"]
[BlackElo "1798"]
[PlyCount "143"]
[EventDate "2005.09.17"]

1. d4 Nf6 2. Nf3 e6 3. e3 b6 4. Nbd2 Bb7 5. Bd3 d5 6. O-O Be7 7. Qe2 O-O 8. b3
Nbd7 9. Bb2 c5 10. Rfd1 Bd6 11. Ne5 Qc7 12. f4 Ne4 13. Nxd7 Qxd7 14. Bxe4 dxe4
15. dxc5 Bxc5 16. Nxe4 Qc6 17. Nxc5 Qxc5 18. Rd2 Rad8 19. Rad1 Rxd2 20. Rxd2
Qc6 21. Qd3 Qe4 22. c4 Qxd3 23. Rxd3 Bc6 24. a4 Be4 25. Rd2 h6 26. Kf2 Rb8 27.
Ba3 a6 28. g3 b5 29. axb5 axb5 30. Bd6 Rb7 31. cxb5 Rxb5 32. b4 g5 33. Rd4 Rd5
34. Rxe4 Rxd6 35. Rd4 Rb6 36. Ke2 gxf4 37. gxf4 Rb5 38. Kf3 Rh5 39. Rd2 Rb5 40.
Rb2 Kf8 41. Ke4 Ke7 42. Kd4 Kd6 43. Kc4 Kc6 44. Ra2 Rh5 45. Rg2 e5 46. fxe5
Rxe5 47. Kd4 Rb5 48. Rb2 Kb6 49. Kc4 Re5 50. Kd4 Rb5 51. Rf2 Rxb4+ 52. Ke5 Rh4
53. Kf6 Kc5 54. Rd2 Re4 55. Re2 Kc4 56. Kxf7 Kd3 57. Rg2 Rxe3 58. h4 Re4 59. h5
Rh4 60. Kg6 Ke4 61. Rf2 Rg4+ 62. Kxh6 Ke5 63. Kh7 Ke6 64. h6 Ke7 65. Rf1 Rg3
66. Ra1 Kf7 67. Ra7+ Kf8 68. Rg7 Rh3 69. Rg6 Kf7 70. Rg1 Rh2 71. Rf1+ Ke7 72.
Rg1 1/2-1/2

[Event "16.Open Seefeld"]
[Site "Oesterreich / Seefeld"]
[Date "2005.09.18"]
[Round "2"]
[White "Osswald, Michael"]
[Black "Plock, Christian"]
[Result "0-1"]
[WhiteElo "2004"]
[BlackElo "1650"]
[PlyCount "94"]
[EventDate "2005.09.17"]

1. e4 e5 2. Nf3 Nc6 3. d4 d6 4. dxe5 Nxe5 5. Nxe5 dxe5 6. Qxd8+ Kxd8 7. Bc4 f6
8. Nc3 c6 9. f4 Bd6 10. O-O Ke7 11. g3 Be6 12. Bb3 Bb4 13. Nd1 Rd8 14. fxe5
fxe5 15. Bg5+ Nf6 16. Bxf6+ gxf6 17. Nf2 Bc5 18. Rad1 Bg4 19. Rd3 Rxd3 20. cxd3
Be2 21. Re1 Bxd3 22. Kg2 Bxf2 23. Kxf2 Rd8 24. Kf3 Rd4 25. Bg8 h6 26. Bh7 Bc4
27. b3 Be6 28. Ke3 a5 29. Rb1 Kf7 30. Bf5 Bxf5 31. exf5 Ke7 32. Rb2 Kd6 33. h3
h5 34. Kf3 Rd3+ 35. Kg2 Rd4 36. Re2 a4 37. bxa4 Rxa4 38. Rd2+ Rd4 39. Rf2 b5
40. h4 c5 41. Kf3 Rd3+ 42. Kg2 c4 43. Rb2 Kc5 44. Re2 c3 45. g4 hxg4 46. Re4 c2
47. Rxg4 c1=Q 0-1

[Event "16.Open Seefeld"]
[Site "Oesterreich / Seefeld"]
[Date "2005.09.18"]
[Round "2"]
[White "Ruprich, Udo"]
[Black "Bungter, Hans"]
[Result "1-0"]
[WhiteElo "1995"]
[BlackElo "1628"]
[PlyCount "109"]
[EventDate "2005.09.17"]

1. e4 c5 2. Nf3 d6 3. Bc4 e6 4. d4 cxd4 5. Nxd4 a6 6. a4 Qc7 7. Bb3 Nc6 8. Be3
Nf6 9. Nd2 Be7 10. O-O d5 11. exd5 Nxd5 12. Nxc6 Nxe3 13. fxe3 Qxc6 14. Qg4 O-O
15. Rf3 e5 16. Qc4 Qxc4 17. Nxc4 Bf6 18. Nb6 Rb8 19. e4 Re8 20. Nd5 Bd8 21.
Raf1 Be6 22. c4 Rc8 23. Rc3 Rf8 24. c5 Re8 25. Rfc1 Kf8 26. Kf2 Ba5 27. Rd3 Rc6
28. Ba2 f5 29. exf5 Bxf5 30. Rf3 g6 31. b4 e4 32. Rf4 Bd8 33. h4 Kg7 34. b5
axb5 35. axb5 Rc8 36. Ke2 h5 37. g3 Ra8 38. Bc4 Ra3 39. Rc3 Rxc3 40. Nxc3 Bc7
41. Ke3 Bxf4+ 42. gxf4 Kf8 43. Bd5 Rc8 44. Kd4 Rc7 45. Nxe4 Bxe4 46. Bxe4 Rd7+
47. Bd5 Re7 48. b6 Rd7 49. Ke5 Ke7 50. Be4 Kf7 51. f5 gxf5 52. Bxf5 Rd2 53. Bc8
Ke7 54. Bxb7 Re2+ 55. Be4 1-0

[Event "16.Open Seefeld"]
[Site "Oesterreich / Seefeld"]
[Date "2005.09.18"]
[Round "2"]
[White "Creutzburg, Frank"]
[Black "Scholz, Herbert"]
[Result "1-0"]
[WhiteElo "1574"]
[BlackElo "1994"]
[PlyCount "69"]
[EventDate "2005.09.17"]

1. c4 e5 2. Nc3 Nf6 3. e4 Bc5 4. Nf3 Nc6 5. h3 O-O 6. Be2 d6 7. O-O h6 8. d3
Be6 9. Rb1 a5 10. Nd5 Nd4 11. Nxd4 Bxd4 12. Nxf6+ Qxf6 13. Be3 Qh4 14. Bxd4
exd4 15. f4 f5 16. Qe1 Qe7 17. Bf3 Qd7 18. Qf2 c5 19. Rbe1 Rab8 20. Re2 fxe4
21. Bxe4 Bf5 22. Bd5+ Kh8 23. Qf3 Rfe8 24. Rfe1 Rxe2 25. Rxe2 Bg6 26. Be6 Qe7
27. f5 Bh7 28. Bd5 Qg5 29. g4 Rf8 30. Qg3 Bxf5 31. Qxd6 Rf6 32. Qd8+ Kh7 33.
Bg8+ Kg6 34. Qe8+ Rf7 35. Qxf7# 1-0

[Event "16.Open Seefeld"]
[Site "Oesterreich / Seefeld"]
[Date "2005.09.18"]
[Round "2"]
[White "Borries, Barbara"]
[Black "Andreini, Gigliola"]
[Result "1-0"]
[WhiteElo "1975"]
[BlackElo "1600"]
[PlyCount "83"]
[EventDate "2005.09.17"]

1. e4 e6 2. d4 d5 3. Nd2 Nf6 4. e5 Ne4 5. Ngf3 c5 6. c3 h6 7. Bd3 Nxd2 8. Bxd2
Qb6 9. Rb1 Nc6 10. O-O cxd4 11. cxd4 Nxd4 12. Nxd4 Qxd4 13. Bb5+ Bd7 14. Bxd7+
Kxd7 15. Qb3 b6 16. Bc3 Qg4 17. a3 Bc5 18. Qb5+ Ke7 19. Rfd1 Qf4 20. Qe2 b5 21.
Rbc1 Rhc8 22. Bd2 Qa4 23. Qf3 Qe4 24. Qg3 Qf5 25. Rxc5 Rxc5 26. Bb4 Rac8 27.
Qe3 Qc2 28. Rc1 d4 29. Rxc2 dxe3 30. Rxc5 exf2+ 31. Kxf2 Kd7 32. Rxc8 Kxc8 33.
Bf8 g6 34. Bxh6 Kd7 35. Ke3 Kc6 36. Kd4 Kb6 37. b4 a5 38. Bf8 a4 39. g4 Kc6 40.
Bg7 Kb6 41. h4 Kc6 42. h5 1-0

[Event "16.Open Seefeld"]
[Site "Oesterreich / Seefeld"]
[Date "2005.09.18"]
[Round "2"]
[White "Titz, Waldemar"]
[Black "Solaroli, Riccardo"]
[Result "1/2-1/2"]
[WhiteElo "1541"]
[BlackElo "1975"]
[PlyCount "37"]
[EventDate "2005.09.17"]

1. e4 d5 2. exd5 Nf6 3. Nc3 Nxd5 4. Nxd5 Qxd5 5. Qf3 e6 6. c3 c5 7. Bb5+ Bd7 8.
Qxd5 exd5 9. Bxd7+ Kxd7 10. Nf3 Nc6 11. O-O Re8 12. d3 Bd6 13. Bd2 Ne5 14.
Nxe5+ Rxe5 15. Rfe1 Rhe8 16. Rxe5 Bxe5 17. Re1 Bd6 18. Rxe8 Kxe8 19. g3 1/2-1/2

[Event "16.Open Seefeld"]
[Site "Oesterreich / Seefeld"]
[Date "2005.09.18"]
[Round "2"]
[White "Pitts, Eamonn"]
[Black "Kreie, Guenter"]
[Result "0-1"]
[WhiteElo "1355"]
[BlackElo "1968"]
[PlyCount "29"]
[EventDate "2005.09.17"]

1. e4 c5 2. Nf3 Nc6 3. d4 cxd4 4. Nxd4 e5 5. Nb3 Nf6 6. Bg5 Be7 7. Bxf6 Bxf6 8.
Bc4 O-O 9. Qf3 d6 10. Nc3 Be6 11. Nd5 Bxd5 12. exd5 e4 13. Qh3 Nb4 14. O-O Rc8
15. Nd2 {Rest der Notationen unbrauchbar !} 0-1

[Event "16.Open Seefeld"]
[Site "Oesterreich / Seefeld"]
[Date "2005.09.18"]
[Round "2"]
[White "Russ, Colin"]
[Black "Michel, Jan"]
[Result "1-0"]
[WhiteElo "1964"]
[BlackElo "1454"]
[PlyCount "79"]
[EventDate "2005.09.17"]

1. Nf3 Nc6 2. d4 d5 3. Bf4 Bf5 4. e3 a6 5. c3 h6 6. Nbd2 e6 7. Be2 Bd6 8. Bxd6
cxd6 9. O-O Nge7 10. Re1 O-O 11. Bf1 Qb6 12. b3 Rac8 13. e4 dxe4 14. Nxe4 Bxe4
15. Rxe4 Na7 16. c4 Qd8 17. Bd3 Ng6 18. Qe1 Re8 19. Rg4 Qf6 20. Bxg6 fxg6 21.
Qe4 Qf5 22. Rf4 Qxe4 23. Rxe4 Nc6 24. Rae1 Nd8 25. d5 e5 26. Nh4 Kf7 27. f4 Kf6
28. fxe5+ Rxe5 29. Rf1+ Kg5 30. Nf3+ Kf5 31. Nd2+ Kg5 32. h4+ Kh5 33. g4+ Kxh4
34. Nf3+ Kg3 35. Nxe5 dxe5 36. Rf8 h5 37. gxh5 gxh5 38. Rf1 b5 39. Rfe1 Nf7 40.
R1e3# 1-0

[Event "16.Open Seefeld"]
[Site "Oesterreich / Seefeld"]
[Date "2005.09.18"]
[Round "2"]
[White "Ranker, Klemens"]
[Black "Tessmer, Hans-Peter"]
[Result "1-0"]
[WhiteElo "1955"]
[BlackElo "1304"]
[PlyCount "53"]
[EventDate "2005.09.17"]

1. e4 e5 2. Nf3 Nc6 3. Bb5 a6 4. Ba4 Nf6 5. O-O Be7 6. Re1 b5 7. Bb3 d6 8. h3
O-O 9. c3 Na5 10. Bc2 c5 11. d4 Qc7 12. Nbd2 Re8 13. Nf1 Bf8 14. Ng3 g6 15. Bg5
Bg7 16. b3 Nc6 17. d5 Ne7 18. Qd2 c4 19. Rac1 Bd7 20. Bh6 Rac8 21. Qg5 Bxh6 22.
Qxh6 cxb3 23. Bxb3 Kh8 24. Ng5 Rf8 25. Nh5 gxh5 26. Qxf6+ Kg8 27. Qh6 1-0

[Event "16.Open Seefeld"]
[Site "Oesterreich / Seefeld"]
[Date "2005.09.18"]
[Round "2"]
[White "Disselberger, Alfons"]
[Black "Strasser, Josef (D)"]
[Result "0-1"]
[WhiteElo "1290"]
[BlackElo "1940"]
[PlyCount "78"]
[EventDate "2005.09.17"]

1. b3 Nf6 2. Bb2 e6 3. d3 d5 4. Nd2 b6 5. f3 Nh5 6. Nh3 Bd6 7. e3 O-O 8. f4 g6
9. Nf3 c5 10. g4 Ng7 11. Nhg5 Be7 12. h4 h6 13. Ne5 Qe8 14. Ngxf7 Rxf7 15. Nxf7
Qxf7 16. h5 g5 17. Bxg7 Kxg7 18. Bg2 gxf4 19. Rf1 Bh4+ 20. Ke2 e5 21. Bf3 e4
22. dxe4 Ba6+ 23. c4 dxc4 24. Qd5 cxb3+ 25. Kd2 Qxd5+ 26. exd5 fxe3+ 27. Kxe3
Bg5+ 28. Kf2 Bxf1 29. Kxf1 a5 30. axb3 Nd7 31. d6 Rf8 32. Kg2 Ne5 33. Rf1 Nxf3
34. Rxf3 Rxf3 35. Kxf3 Kf6 36. Ke4 Ke6 37. Kd3 Kxd6 38. Kc4 Kc6 39. Kd3 b5 0-1

[Event "16.Open Seefeld"]
[Site "Oesterreich / Seefeld"]
[Date "2005.09.18"]
[Round "2"]
[White "Auschkalnis, Reinhard"]
[Black "Dalla Santa, Odile"]
[Result "1-0"]
[WhiteElo "1924"]
[BlackElo "1120"]
[PlyCount "65"]
[EventDate "2005.09.17"]

1. e4 c5 2. Nf3 d6 3. d4 cxd4 4. Nxd4 e5 5. Nb3 Nf6 6. Nc3 Be6 7. Bg5 Be7 8.
Bxf6 Bxf6 9. Nd5 Nd7 10. Qd3 Rc8 11. O-O-O O-O 12. f3 Nc5 13. Nxc5 Rxc5 14. Qb3
Qd7 15. Kb1 Rfc8 16. c3 Bd8 17. g4 a5 18. a4 b5 19. Bxb5 Qb7 20. c4 Bd7 21. Qd3
Bxb5 22. cxb5 Rc4 23. Nc3 Rd4 24. Qe2 Bb6 25. Rxd4 Bxd4 26. Nd5 Kf8 27. Qd2 Rc4
28. b3 Rc5 29. Qxa5 Ke8 30. Qa6 Qb8 31. b6 Rc3 32. Nxc3 Bxc3 33. Rc1 1-0

[Event "16.Open Seefeld"]
[Site "Oesterreich / Seefeld"]
[Date "2005.09.19"]
[Round "3"]
[White "Rotstein, Arkadij"]
[Black "Kesik, Klaus-Dieter"]
[Result "1-0"]
[WhiteElo "2520"]
[BlackElo "2266"]
[PlyCount "87"]
[EventDate "2005.09.17"]

1. e4 Nf6 2. e5 Nd5 3. d4 d6 4. Nf3 g6 5. Bc4 Nb6 6. Bb3 Bg7 7. O-O O-O 8. Bf4
Bg4 9. h3 dxe5 10. Bxe5 Bxe5 11. hxg4 Bg7 12. c3 Nc6 13. Qe2 Qd7 14. g5 Rae8
15. Ne5 Nxe5 16. dxe5 e6 17. Rd1 Qe7 18. f4 h6 19. gxh6 Bxh6 20. g3 Rd8 21. Nd2
Qc5+ 22. Kg2 Bg7 23. Ne4 Qe7 24. Rh1 Rd7 25. Qg4 Rfd8 26. Rae1 Rd3 27. Re2 Nc8
28. Bc2 R3d5 29. Qh3 c5 30. g4 b5 31. g5 Kf8 32. Nf6 Qc7 33. Nxd5 exd5 34. f5
gxf5 35. Qxf5 Ne7 36. Qf3 d4 37. e6 Nd5 38. Rf1 Ne3+ 39. Rxe3 dxe3 40. Qxf7+
Qxf7 41. Rxf7+ Kg8 42. Rd7 Re8 43. Bg6 e2 44. Bf7+ 1-0

[Event "16.Open Seefeld"]
[Site "Oesterreich / Seefeld"]
[Date "2005.09.19"]
[Round "3"]
[White "Heinig, Wolfram"]
[Black "Antic, Dejan"]
[Result "1/2-1/2"]
[WhiteElo "2319"]
[BlackElo "2512"]
[PlyCount "104"]
[EventDate "2005.09.17"]

1. d4 Nf6 2. c4 g6 3. Nc3 Bg7 4. e4 d6 5. Be2 O-O 6. Bg5 Na6 7. Qd2 Qe8 8. h4
e5 9. d5 Nc5 10. Bf3 h5 11. Nge2 a6 12. Ng3 Bd7 13. b4 Na4 14. Nxa4 Bxa4 15.
Bxf6 Bxf6 16. Bxh5 Kg7 17. Bg4 Qe7 18. h5 Rh8 19. Rh3 Bg5 20. Qc3 Qf6 21. Qf3
Qf4 22. Qxf4 exf4 23. Ne2 Rae8 24. f3 f5 25. exf5 gxh5 26. Bxh5 Re3 27. Kf2 Rd3
28. Re1 Rd2 29. Kg1 Bc2 30. f6+ Kxf6 31. Nc3 Kg7 32. Bg4 Rxh3 33. Bxh3 Bf6 34.
Ne4 Bd4+ 35. Kh2 Bxe4 36. Rxe4 Be5 37. Bc8 b6 38. a4 a5 39. bxa5 bxa5 40. Kh3
Kg6 41. Bd7 Kg5 42. Re1 Rc2 43. Bb5 Rb2 44. c5 Rc2 45. cxd6 cxd6 46. Bc6 Rb2
47. Bb5 Rd2 48. Bc6 Kf6 49. Rb1 Bb2 50. Re1 Be5 51. Rb1 Bb2 52. Kg4 Be5 1/2-1/2

[Event "16.Open Seefeld"]
[Site "Oesterreich / Seefeld"]
[Date "2005.09.19"]
[Round "3"]
[White "Levin, Felix"]
[Black "Wempe, Juergen"]
[Result "1-0"]
[WhiteElo "2498"]
[BlackElo "2202"]
[PlyCount "51"]
[EventDate "2005.09.17"]

1. d4 f5 2. Nf3 Nf6 3. g3 e6 4. Bg2 Be7 5. O-O O-O 6. c4 a5 7. Nc3 Qe8 8. d5 e5
9. Nxe5 Bb4 10. Nd3 Bxc3 11. bxc3 Ne4 12. Ba3 d6 13. c5 Nxc3 14. Qd2 Ne4 15.
Qb2 Nd7 16. cxd6 cxd6 17. Rac1 b6 18. Nf4 Ndf6 19. Qxb6 Qa4 20. Qc6 Bd7 21.
Qxa4 Bxa4 22. Bxe4 Nxe4 23. f3 Nd2 24. Rfe1 Rfc8 25. Bxd6 Nc4 26. Be7 1-0

[Event "16.Open Seefeld"]
[Site "Oesterreich / Seefeld"]
[Date "2005.09.19"]
[Round "3"]
[White "Pilz, Dieter"]
[Black "van der Weide, Karel"]
[Result "0-1"]
[WhiteElo "2303"]
[BlackElo "2482"]
[PlyCount "120"]
[EventDate "2005.09.17"]

1. Nf3 Nf6 2. c4 g6 3. g3 Bg7 4. Bg2 O-O 5. O-O d6 6. Nc3 e5 7. d3 c6 8. Rb1
Re8 9. e4 Nbd7 10. b4 a6 11. a4 a5 12. b5 Nc5 13. h3 Bd7 14. Kh2 Qe7 15. Ba3
Rad8 16. Qc2 Bc8 17. Rfe1 Nfd7 18. Rbd1 Qf6 19. Rf1 h5 20. Bc1 Ne6 21. Bd2 Ndc5
22. Ne2 Bd7 23. Ra1 Ra8 24. Ra2 Qe7 25. Bc1 Qf8 26. Ba3 Rac8 27. Qd1 Bh6 28.
Nc3 Qg7 29. Ra1 Kh7 30. Rb1 Rg8 31. Rg1 Rcf8 32. Bc1 Bxc1 33. Rxc1 Qh6 34. Rc2
h4 35. bxc6 hxg3+ 36. fxg3 bxc6 37. Qd2 Qxd2 38. Rxd2 Rb8 39. Rf1 Rb3 40. Rc1
Ra3 41. Rcc2 Kg7 42. Rd1 Nb3 43. Rb2 Nbd4 44. Nxd4 exd4 45. Ne2 Rxa4 46. Rb7
Rd8 47. Rd2 Nc5 48. Ra7 Nb3 49. Rb2 Ra3 50. h4 Bg4 51. Nf4 Nc5 52. Bh3 Bxh3 53.
Kxh3 Rd7 54. Rxd7 Nxd7 55. Rb7 Nc5 56. Rc7 a4 57. Rxc6 Rb3 58. e5 a3 59. exd6
a2 60. Rxc5 a1=Q 0-1

[Event "16.Open Seefeld"]
[Site "Oesterreich / Seefeld"]
[Date "2005.09.19"]
[Round "3"]
[White "Ivanov, Michail"]
[Black "Meschke, Andreas"]
[Result "1-0"]
[WhiteElo "2426"]
[BlackElo "2154"]
[PlyCount "71"]
[EventDate "2005.09.17"]

1. Nf3 d5 2. g3 Nf6 3. Bg2 Bf5 4. c4 c6 5. cxd5 cxd5 6. Qb3 Qc7 7. Nc3 e6 8. d3
Nc6 9. Bf4 Qb6 10. Qxb6 axb6 11. O-O Bb4 12. a3 Be7 13. Nh4 Bg4 14. h3 Bh5 15.
g4 Nd7 16. Nf5 Bg6 17. Nxg7+ Kd8 18. Nh5 Bxh5 19. gxh5 Rg8 20. Kh1 Nc5 21. Rg1
Kd7 22. Rad1 Na4 23. Nxa4 Rxa4 24. e4 dxe4 25. dxe4+ Ke8 26. Bc7 Rg5 27. e5 Rh4
28. Bxb6 Rhxh5 29. f4 Rg6 30. a4 Nb4 31. Kh2 Rgh6 32. Bf1 Kf8 33. Rd7 Nd5 34.
Rxb7 f6 35. a5 Nxf4 36. Rg3 1-0

[Event "16.Open Seefeld"]
[Site "Oesterreich / Seefeld"]
[Date "2005.09.19"]
[Round "3"]
[White "Tscharotschkin, Michael"]
[Black "Bronznik, Valeri"]
[Result "1/2-1/2"]
[WhiteElo "2243"]
[BlackElo "2390"]
[PlyCount "38"]
[EventDate "2005.09.17"]

1. e4 c5 2. c3 Nf6 3. e5 Nd5 4. d4 cxd4 5. cxd4 d6 6. Nf3 Nc6 7. Bc4 e6 8. O-O
Be7 9. Qe2 O-O 10. a3 Bd7 11. Qe4 Rc8 12. Bd3 f5 13. exf6 Nxf6 14. Qh4 d5 15.
Bg5 h6 16. Bxh6 gxh6 17. Qg3+ Kh8 18. Qg6 Ne4 19. Qxh6+ Kg8 1/2-1/2

[Event "16.Open Seefeld"]
[Site "Oesterreich / Seefeld"]
[Date "2005.09.19"]
[Round "3"]
[White "Feige, Manuel"]
[Black "Mertens, Klaus"]
[Result "1-0"]
[WhiteElo "2387"]
[BlackElo "2144"]
[PlyCount "88"]
[EventDate "2005.09.17"]

1. d4 Nf6 2. c4 e6 3. Nc3 Bb4 4. e3 b6 5. Nge2 Bb7 6. a3 Be7 7. d5 O-O 8. Ng3
d6 9. Be2 Nbd7 10. O-O c5 11. f4 a6 12. e4 Re8 13. a4 Bf8 14. Bd2 Qc7 15. Bd3
Rab8 16. Qc2 e5 17. f5 Be7 18. Rf3 Kh8 19. Nf1 Rg8 20. Ne3 g5 21. fxg6 fxg6 22.
Raf1 Rbf8 23. Ncd1 Nh5 24. Ng4 Rxf3 25. Rxf3 Rf8 26. Be2 Rxf3 27. Bxf3 Ndf6 28.
Ndf2 Bc8 29. Qd1 Qd8 30. g3 Qe8 31. Ne3 Bd7 32. a5 b5 33. b4 cxb4 34. Bxb4 Qb8
35. Qe1 Ng7 36. Be2 Nge8 37. Nc2 bxc4 38. Bxc4 Bb5 39. Bxb5 Qxb5 40. Na3 Qa4
41. Nc4 Qb3 42. Nxe5 dxe5 43. Bxe7 Kg8 44. Qc1 Qa4 1-0

[Event "16.Open Seefeld"]
[Site "Oesterreich / Seefeld"]
[Date "2005.09.19"]
[Round "3"]
[White "Sailer, Douglas"]
[Black "Weinzettl, Ernst"]
[Result "1/2-1/2"]
[WhiteElo "2224"]
[BlackElo "2347"]
[PlyCount "90"]
[EventDate "2005.09.17"]

1. e4 c5 2. Nc3 e6 3. Nf3 a6 4. d4 cxd4 5. Nxd4 d6 6. g3 b5 7. Bg2 Bb7 8. O-O
Nd7 9. Re1 Qc7 10. a4 bxa4 11. Rxa4 Ngf6 12. Nb3 Rb8 13. Na5 Nc5 14. Ra2 Ba8
15. Bf4 Nfd7 16. Nb3 Nxb3 17. cxb3 Qb6 18. b4 Be7 19. Be3 Qxb4 20. Rxa6 O-O 21.
Ra7 Rfd8 22. e5 Bxg2 23. Kxg2 d5 24. Bd4 Bc5 25. Bxc5 Qxc5 26. Ra2 d4 27. Ne4
Qd5 28. Ra7 Nxe5 29. Kg1 h6 30. Qh5 Ng6 31. Qf3 Rd7 32. Rea1 d3 33. R1a5 Qd4
34. Ra4 Qd5 35. R4a5 Rxa7 36. Rxd5 exd5 37. Nd6 Rd7 38. Nf5 Rc8 39. Qxd3 Ne5
40. Qb5 Rcd8 41. b4 Ng6 42. Nd4 Nf8 43. Nc6 Re8 44. Nd4 Rdd8 45. Nc6 Rd7
1/2-1/2

[Event "16.Open Seefeld"]
[Site "Oesterreich / Seefeld"]
[Date "2005.09.19"]
[Round "3"]
[White "Rausch, Stephan"]
[Black "Meier, Alexander"]
[Result "1-0"]
[WhiteElo "2337"]
[BlackElo "1972"]
[PlyCount "41"]
[EventDate "2005.09.17"]

1. d4 Nf6 2. Nf3 g6 3. c4 Bg7 4. Nc3 d6 5. e4 O-O 6. h3 e5 7. d5 Nh5 8. Nh2 Qe8
9. Be2 f5 10. exf5 Nf4 11. Bxf4 exf4 12. fxg6 Qxg6 13. Nf3 Qxg2 14. Rg1 Qxh3
15. Rxg7+ Kxg7 16. Qd4+ Kh6 17. O-O-O Rf7 18. Ne4 c5 19. Qc3 Rg7 20. Qf6+ Rg6
21. Qf8+ 1-0